000 00886nam a2200289Ia 4500
001 dia_3463
003 CHAP
005 20251027154206.0
008 220117s1978 xx 000 0 und d
010 _a173926
020 _a84-200-0418-9
040 _cCHAP
082 _a639.2 C6Y
100 _aConnell, J. J.
_927213
245 _aControl de la calidad del pescado /
_c J. J. Connell
260 _aZaragoza, España :
_b Acribia,
_c1978
300 _a227 p.
503 _aI.145630
650 _a1.Pesacado congelado
_xestandarización y clasificación
_9154719
650 _aPescado
_xdeshidratación
_987448
650 _aPescado
_xestandarización y clasificación
_9154720
650 _aProductos pesqueros
_xinspección
_992208
901 _a639.2 C6Y
902 _aM
905 _a0000001978 SP A 0000000000SPA00
942 _cLIBRO
_2ddc
999 _c173926
_d173926